000 00567nam a2200169 i 4500
001 114476
003 ES-MaACL
005 20230906190151.0
007 t|
008 070302q19501959fr ||||1| fre d
100 1 _aDefourneaux, Marcelin.
_943209
245 1 0 _aCharlemagne et la Monarchie Asturienne /
_cMarcelin Défourneaux.
260 _a[S.l.] :
_bPresses Universitaires de France,
_c[195-]
300 _a4 h. ;
_c24 cm.
500 _aEs separata de: Mélanges d'Histoire de Moyen Age dediés áa la memoire de Louis Halphen.
852 _aES-MaACL
_j1925-F-16
999 _c114476
_d114476